Детективные произведения и их авторы - Statistics

General Stats
  • This quiz has been taken 59 times
  • The average score is 6 of 25
Answer Stats
Hint Answer % Correct
Смерть на Ниле Агата Кристи
95%
Этюд в багровых тонах Артур Конан Дойл
78%
Убийство на улице Морг Эдгар Аллан По
56%
Азазель Борис Акунин
44%
Нет орхидей для мисс Блэндиш Джеймс Хедли Чейз
37%
Код да Винчи Дэн Браун
34%
Эра милосердия Аркадий и Георгий Вайнеры
32%
Трубка Мегрэ Жорж Сименон
32%
Отель "У Погибшего Альпиниста" Аркадий и Борис Стругацкие
27%
Глубокий сон Рэймонд Чандлер
17%
Всё не так Александра Маринина
15%
Дело об отравленных шоколадках Энтони Беркли
12%
Загадочное ночное убийство собаки Марк Хэддон
12%
Нью-йоркская трилогия Пол Остер
12%
Фаворит Дик Фрэнсис
12%
Почтальон всегда звонит дважды Джеймс Кейн
10%
Детективное агентство Дирка Джентли Дуглас Адамс
10%
Мальтийский сокол Дэшилл Хэммет
7%
Перри Мэйсон Эрл Стэнли Гарднер
7%
Изощрённое убийство Филлис Дороти Джеймс
7%
Тайна Кутузовского проспекта Юлиан Семёнов
5%
Кокаиновые ночи Джеймс Баллард
5%
Тайна кладбища Говард Лавкрафт
5%
Дай мне руку, тьма Деннис Лихейн
5%
Месть - моё право Микки Спиллейн
5%
No matching quizzes found
Score Distribution
Percent of People with Each Score
Percentile by Number Answered
Your Score History
You have not taken this quiz